| 000 | 00559nam a2200217Ia 4500 | ||
|---|---|---|---|
| 005 | 20260429112131.0 | ||
| 008 | 260429s9999||||xx |||||||||||||| ||und|| | ||
| 020 | _a9781032983561 | ||
| 041 | _aEnglish | ||
| 082 |
_a300.72 _bBOU |
||
| 100 | _aBouvier, Gwen | ||
| 245 | 0 |
_aQualitative research using social media / _cGwen Bouvier |
|
| 250 | _a1st ed. | ||
| 260 |
_aLondon : _bRoutledge, _c2025. |
||
| 300 | _aix, 203 p.; pbk | ||
| 650 | _a Qualitative | ||
| 650 | _a Research | ||
| 650 | _aSocial media | ||
| 700 | _a Rasmussen, Joel | ||
| 942 | _cTB | ||
| 999 |
_c52522 _d52522 |
||